000 00317nam a22001337a 4500
020 _qPB.
040 _cFIZZA ISHAQ
082 _a624.17
_bSSB
100 _aBHAVIKATTI,S.S.
_918313
245 _aSTRUCTURAL ANALYSIS /
_cS.S.BHAVIKATTI.
260 _aVIKAS PUBLISHER ;
_c2014.
300 _a429 P. ;
942 _2ddc
_cBK
999 _c589737
_d589737